00607nam a22001817a 450000500170000001000150001702000110003203500130004303700130005608200080006910000220007724501470009925000110024626000260025727000740028330000270035750000410038420100814154642.0 aENG-100535 c100.00 aEN-84068 bDBAD/PUB a420 aSivakumari, A. V. aComparative analysis vocabulary of hindi and telugu :bwith special reference to the mistakes committed by the students /cby A. V. Sivakumari a2nd ed aChennaibParkarc2008 a293, Ahamed Complex, 2nd Floor Royapettah High Road,bChennaie600014 aiii, 128p.c21cm (pbk) aIncludes bibliographical references